000 01176cab a2200265 4500
001 ABS46033
008 090401t1992 xxu||||| |||| 00| 0 eng d
035 _a(Sirsi) u56467
041 _aeng
245 _aPiling and foundations
260 _c1992
350 _a0
490 _aNew Builder
_v(119) 5 March 1992, 24-30(4)
520 _aA feature on piling and underpinning questions whether it is always the most appropriate solution to subsidence and cracking problems. Looks at piling techniques used to reinforce existing buildings adjacent to a Victorian office block undergoing refurbishment in the City of London. Includes diagrams of five underpinning and piling methods: traditional underpinning, pad and beam foundation, jack down piles, cantilever ring beam and angle pile. Product feature.
650 _aANGLE PILE
650 _aCANTILEVER RING BEAM
650 _aBUILT ENVIRONMENT-BUILDING ELEMENTS-COMPLETE BUILDING ELEMENTS-FOUNDATIONS
650 _aJACK DOWN PILES
650 _aPAD AND BEAM FOUNDATION
650 _aPILING
650 _aREINFORCEMENT
690 _aBUILT ENVIRONMENT-CONSTRUCTION DESIGN
942 _n0
948 _c04/03/1997
999 _c34436
_d34436